000 00367nam a22001457a 4500
003 OSt
005 20220126084447.0
008 220126b |||||||| |||| 00| 0 eng d
020 _a139780132130066
040 _cHU
082 _25th
_a621.3
_b1
100 _aHambley Allan
_928631
245 _aElectrical Engineering Principles And Application
942 _2ddc
_cBOOKS
_n0
999 _c27866
_d27866